En el nombre del hijo : poemario /
Bewaard in:
| Hoofdauteur: | |
|---|---|
| Formaat: | Onbekend |
| Taal: | Spanish |
| Gepubliceerd in: |
Panamá :
Ediciones 9 de Enero,
1966.
|
| Onderwerpen: | |
| Tags: |
Voeg label toe
Geen labels, Wees de eerste die dit record labelt!
|
MARC
| LEADER | 000000000a22000000004500 | ||
|---|---|---|---|
| 001 | 001869 | ||
| 041 | 0 | |a spa | |
| 082 | 0 | 4 | |a P861.44 |b M829e |
| 100 | 1 | |a Morán, Diana, 1932-1987 | |
| 245 | 1 | 0 | |a En el nombre del hijo : |b poemario / |c Diana Morán. |
| 260 | 1 | |a Panamá : |b Ediciones 9 de Enero, |c 1966. | |
| 300 | |a 16 páginas | ||
| 500 | |a Otro ejemplar con número de inscripción 2893 -- Portada de Guillermo Trujillo | ||
| 650 | 4 | |a LITERATURA PANAMEÑA | |
| 650 | 4 | |a POESIA | |
| 999 | |c 8519 |d 8519 | ||
| 942 | |c BK |h P861.44 M829e |2 z | ||
